[Event "Dresden op"]
[Site "Dresden"]
[Date "1995.??.??"]
[Round "?"]
[White "Chernyshov, Konstantin"]
[Black "Apel, Stefan"]
[Result "1/2-1/2"]
[WhiteElo "2505"]
[BlackElo "2340"]

1.e4 c5 2.Nf3 Nc6 3.Bb5 g6 4.O-O Bg7 5.c3 Nf6 6.Re1 O-O 7.d3 d6 8.h3 Nd7
9.Nbd2 Nde5 10.Nxe5 Nxe5 11.d4 cxd4 12.cxd4 Nc6 13.Nf3 Qb6 14.Bxc6 bxc6 15.Bg5 f6
16.Bc1 Bd7 17.b3 c5 18.Be3 cxd4 19.Bxd4 Qb7 20.Bb2 Be6 21.Qd4 Bf7 22.Rad1 Rac8
23.Rc1 Bh6 24.Rxc8 Rxc8 25.Re2 Qb5 26.Qd1 Qa6 27.Kh2  1/2-1/2

[Event "Dresden op"]
[Site "Dresden"]
[Date "1995.??.??"]
[Round "?"]
[White "Heinatz, Thomas"]
[Black "Chernyshov, Konstantin"]
[Result "1-0"]
[WhiteElo "2345"]
[BlackElo "2505"]

1.e4 c5 2.Nf3 Nc6 3.Bb5 g6 4.O-O Bg7 5.c3 e5 6.Na3 Nge7 7.Nc4 Qc7 8.a4 O-O
9.d3 h6 10.Be3 Nd8 11.b4 Ne6 12.bxc5 Nxc5 13.Bxc5 Qxc5 14.d4 exd4 15.cxd4 Qc7
16.d5 d6 17.e5 Qc5 18.Rc1 Bg4 19.Ne3 Bxf3 20.Qxf3 Qa3 21.Rc7 dxe5 22.Nf5  1-0

[Event "Dresden op"]
[Site "Dresden"]
[Date "1995.??.??"]
[Round "?"]
[White "Pachow, Joerg"]
[Black "Tischbierek, Raj"]
[Result "1/2-1/2"]
[WhiteElo "2290"]
[BlackElo "2495"]

1.e4 c5 2.Nf3 Nc6 3.Bb5 g6 4.O-O Bg7 5.Re1 Nf6 6.h3 O-O 7.a4 Na5 8.Nc3 d6
9.d4 cxd4 10.Nxd4 a6 11.Bf1 Bd7 12.b4 Nc6 13.Nxc6 Bxc6 14.Ra3 Rc8 15.b5 axb5
16.axb5 Bd7 17.Be3 e5 18.Qxd6 Rxc3 19.Rxc3 Nxe4 20.Qb4 Nxc3 21.Qxc3 Qc8 22.Qxc8 Rxc8
23.c4 Bf8 24.f4 exf4 25.Bxf4 Be6 26.Rc1 Bc5+ 27.Kh2 Rd8 28.Be2 f6 29.Rc2 g5
30.Rd2  1/2-1/2

[Event "Dresden op"]
[Site "Dresden"]
[Date "1995.??.??"]
[Round "?"]
[White "Broberg, Horst"]
[Black "Tischbierek, Raj"]
[Result "1/2-1/2"]
[WhiteElo "2245"]
[BlackElo "2495"]

1.e4 c5 2.Nf3 Nc6 3.Bb5 g6 4.O-O Bg7 5.Re1 Nf6 6.Nc3 O-O 7.e5 Ne8 8.Bxc6 dxc6
9.h3 c4 10.b3 cxb3 11.axb3 c5 12.d4 cxd4 13.Qxd4 Nc7 14.Ba3 Bf5 15.Qxd8 Rfxd8
16.Bxe7 Rd7 17.Bd6 Bxc2 18.Na4 Na6 19.Ra3 Re8 20.b4 Bxa4 21.Rxa4 Bf8 22.Bxf8 Kxf8
23.b5 Nc7 24.Rxa7 Nxb5 25.Ra5  1/2-1/2

[Event "Dublin"]
[Site "Dublin"]
[Date "1995.??.??"]
[Round "3"]
[White "Ryan, Joseph"]
[Black "Quinn, Mark"]
[Result "0-1"]
[WhiteElo "2230"]
[BlackElo "2340"]

1.e4 c5 2.Nf3 Nc6 3.Bb5 g6 4.c3 Nf6 5.e5 Nd5 6.O-O Nc7 7.Na3 Nxb5 8.Nxb5 a6
9.Na3 Bg7 10.d4 cxd4 11.cxd4 O-O 12.Bf4 d5 13.exd6 exd6 14.h3 b5 15.Nc2 Bb7
16.Ne3 Ne7 17.Ng4 Nf5 18.d5 h5 19.Ne3 Nxe3 20.Bxe3 Bxb2 21.Bd4 Bxd4 22.Qxd4 Re8
23.Rfe1 Qc7 24.Ng5 Qc5 25.Qxc5 dxc5 26.d6 Rxe1+ 27.Rxe1 Rd8 28.Re7 Bd5 29.d7 Kf8
30.Re8+ Rxe8 31.Nh7+ Ke7 32.dxe8=Q+ Kxe8 33.Nf6+ Ke7 34.Nxd5+ Kd6 35.Ne3 Ke5
36.Kf1 Kd4 37.Ke2 Kc3 38.Nd5+ Kb2 39.Kd2 c4 40.f4 h4 41.Nb4 a5 42.Nc2 c3+
43.Kd3 b4 44.f5 gxf5 45.Nd4 Kxa2 46.Kc2 a4 47.Ne2 b3+ 48.Kd3 c2 49.Nc3+ Ka1
50.Kd2 a3 51.Kc1 b2+ 52.Kxc2 a2  0-1

[Event "Dublin"]
[Site "Dublin"]
[Date "1995.??.??"]
[Round "7"]
[White "Littlewood, John Eric"]
[Black "Quinn, Mark"]
[Result "1/2-1/2"]
[WhiteElo "2310"]
[BlackElo "2340"]

1.e4 c5 2.Nf3 Nc6 3.Bb5 g6 4.O-O Bg7 5.Bxc6 dxc6 6.h3 Nf6 7.d3 O-O 8.Nc3 Re8
9.Be3 Nd7 10.a4 a5 11.Nd2 e5 12.Nc4 b6 13.Qd2 Ba6 14.b3 Nf8 15.Bh6 Bh8 16.Bg5 Qc7
17.Be3 Ne6 18.Ne2 Rad8 19.Rab1 Rd7 20.f4 exf4 21.Nxf4 Nd4 22.Kh1  1/2-1/2

[Event "Eger"]
[Site "Eger"]
[Date "1995.??.??"]
[Round "?"]
[White "Srebrnic, Vojko"]
[Black "Kiss, Pal"]
[Result "0-1"]
[WhiteElo "2230"]
[BlackElo "2455"]

1.e4 c5 2.Nf3 Nc6 3.Bb5 g6 4.O-O Bg7 5.Bxc6 dxc6 6.d3 e5 7.Nc3 Qe7 8.Be3 Nh6
9.h3 f6 10.Qd2 Nf7 11.Nh2 O-O 12.f4 Bh6 13.fxe5 Bxe3+ 14.Qxe3 Nxe5 15.Nf3 Kg7
16.Nxe5 Qxe5 17.Rae1 Be6 18.Qf4 Qd4+ 19.Qe3 Rad8 20.Qxd4 cxd4 21.Ne2 c5 22.Nf4 Kf7
23.Nxe6 Kxe6 24.Kf2 Rc8 25.Ke2 c4 26.Rf3 c3 27.b3 b5 28.Ra1 Rc6 29.a4 Ra6
30.a5 b4 31.Ra4 Rb8 32.Rf1 Rb5 33.Rfa1 Kd6 34.Kf3 Kc5 35.Kf4 Rb7 36.g4 Kb5
37.h4 Re7 38.Kg3 Re5 39.Kf4 h5 40.g5 Ree6 41.R4a2 fxg5+ 42.Kxg5 Rf6 43.Rg1 Rf2
44.Kh6 Rc6 45.Rg5+ Rc5 46.Rxc5+ Kxc5 47.Kxg6 Rf1 48.Kxh5 Rb1 49.Kg6 Rb2 50.Ra1 Rxc2
51.Rh1 Rb2 52.h5 c2 53.Rc1 Rxb3 54.Rxc2+ Rc3 55.Rd2 b3 56.h6 Rc2 57.h7 Rxd2
58.h8=Q Rxd3 59.Qb8 Kc4 60.e5 Re3 61.Kf5 d3 62.Qc7+ Kb4 63.Qd6+ Kc4 64.Qc6+ Kb4
65.Qb7+ Kc4 66.Qxa7 d2 67.Qxe3 d1=Q 68.a6 b2 69.Qe4+ Kc5 70.a7 b1=Q 71.a8=Q Qf3+  0-1

[Event "RUS-ch"]
[Site "Elista"]
[Date "1995.??.??"]
[Round "3"]
[White "Svidler, Peter"]
[Black "Vyzmanavin, Alexey"]
[Result "1/2-1/2"]
[WhiteElo "2635"]
[BlackElo "2605"]

1.e4 c5 2.Nf3 Nc6 3.Bb5 g6 4.Bxc6 dxc6 5.h3 e5 6.d3 f6 7.O-O Nh6 8.Be3 Nf7
9.c3 Bd6 10.d4 cxd4 11.cxd4 O-O 12.Nc3 Qe7 13.Re1 Kg7 14.Qc2 Be6 15.Rad1 Rfd8
16.a3 Bc4 17.d5 Rdc8 18.dxc6 Rxc6 19.Nd2 Be6 20.Qd3 b6 21.Nd5 Qb7 22.Nb1 Rac8
23.Nbc3 Rc4 24.Qe2 Be7 25.Rd2 Bd8 26.Red1 Qc6 27.f3 Qe8 28.Bf2 Be7 29.Qd3 Bf8
30.b3 R4c6 31.Nb5 Qd7 32.Nb4 Qxd3 33.Rxd3 Bxb4 34.axb4 Ra8 35.Ra1 a6 36.Na3  1/2-1/2

[Event "RUS-ch"]
[Site "Elista"]
[Date "1995.??.??"]
[Round "3"]
[White "Vasiukov, Evgeni"]
[Black "Zvjaginsev, Vadim"]
[Result "1/2-1/2"]
[WhiteElo "2515"]
[BlackElo "2600"]

1.e4 c5 2.Nf3 Nc6 3.Bb5 e6 4.Bxc6 bxc6 5.d3 Ne7 6.h4 h5 7.Nc3 Ng6 8.Ne2 e5
9.Bg5 f6 10.Be3 d5 11.c4 Bd6 12.cxd5 cxd5 13.exd5 Ne7 14.Nc3 Bb7 15.Qa4+ Qd7
16.Qxd7+ Kxd7 17.Nd2 Rhc8 18.Nde4 Nxd5 19.Nxd6 Kxd6 20.Nxd5 Bxd5 21.O-O c4
22.Rfd1 c3 23.bxc3 Rxc3 24.Rac1 Rxc1 25.Rxc1  1/2-1/2

[Event "RUS-ch (Women)"]
[Site "Elista"]
[Date "1995.??.??"]
[Round "4"]
[White "Stepovaia Dianchenko, Tatiana"]
[Black "Prudnikova, Svetlana"]
[Result "1/2-1/2"]
[WhiteElo "2310"]
[BlackElo "2405"]

1.e4 c5 2.Nf3 Nc6 3.Bb5 g6 4.O-O Bg7 5.Re1 e5 6.Bxc6 dxc6 7.d3 Qe7 8.b4 cxb4
9.a3 Nf6 10.axb4 O-O 11.Nbd2 Rd8 12.Nc4 Nd7 13.Bd2 b5 14.Na5 Qd6 15.Qb1 Nf8
16.Qb2 Ne6 17.Qc3 c5 18.bxc5 Nxc5 19.Reb1 a6 20.Be3 Na4 21.Qc6 Bg4 22.Qxd6 Rxd6
23.Ne1 Rc8 24.f3 Be6 25.c4 Nc3 26.Rb3 Ne2+ 27.Kf2 bxc4 28.Nxc4 Bxc4 29.dxc4 Nd4
30.Rba3 Rxc4 31.Rxa6 Rxa6 32.Rxa6 h5 33.Ra8+ Kh7 34.Ra7 Kg8 35.Ra8+  1/2-1/2

[Event "RUS-ch (Women)"]
[Site "Elista"]
[Date "1995.??.??"]
[Round "4"]
[White "Kovalevskaya, Ekaterina"]
[Black "Shumiakina, Tatiana"]
[Result "1/2-1/2"]
[WhiteElo "2350"]
[BlackElo "2345"]

1.e4 c5 2.Nf3 Nc6 3.Bb5 e6 4.O-O Nge7 5.Nc3 a6 6.Bxc6 Nxc6 7.d4 cxd4 8.Nxd4 d6
9.Re1 Bd7 10.Nxc6 Bxc6 11.Bf4 e5 12.Be3 Be7 13.Nd5 Bxd5 14.Qxd5 Qc7 15.c4 O-O
16.b3 Rfc8 17.Red1 Qc6 18.Qxc6 Rxc6 19.Rd5 f6 20.Kf1 Kf7 21.Ke2 Ke6 22.Kd3 Rac8
23.a4 g6 24.Rc1 f5 25.f3 Bd8 26.b4 Ra8 27.Rc3 h5 28.c5 dxc5 29.Rcxc5 Rxc5
30.Bxc5 Bc7 31.a5 Rc8 32.Kc4  1/2-1/2

[Event "RUS-ch"]
[Site "Elista"]
[Date "1995.??.??"]
[Round "5"]
[White "Sorokin, Maxim"]
[Black "Belikov, Vladimir"]
[Result "1-0"]
[WhiteElo "2550"]
[BlackElo "2480"]

1.e4 c5 2.Nf3 Nc6 3.Bb5 e6 4.O-O Nge7 5.Re1 Nd4 6.Nxd4 cxd4 7.c3 a6 8.Ba4 Nc6
9.d3 Bc5 10.Nd2 b5 11.Bb3 Qb6 12.c4 d6 13.Qg4 g6 14.cxb5 axb5 15.Nf3 h6 16.Qh4 Qd8
17.Bg5 Qb6 18.Bf6 Rf8 19.Qxh6 Ba6 20.Ng5 Ne5 21.Qg7  1-0

[Event "RUS-ch (Women)"]
[Site "Elista"]
[Date "1995.??.??"]
[Round "6"]
[White "Kovalevskaya, Ekaterina"]
[Black "Strutinskaya, Galina N"]
[Result "1-0"]
[WhiteElo "2350"]
[BlackElo "2330"]

1.e4 c5 2.Nf3 Nc6 3.Bb5 e5 4.O-O d6 5.c3 Ne7 6.d4 a6 7.Bc4 Qc7 8.dxc5 dxc5
9.Be3 Nd8 10.a4 Nec6 11.Nbd2 Be7 12.Bd5 a5 13.h3 O-O 14.Nc4 Kh8 15.Qe2 Rb8
16.Qd2 f6 17.Nh4 b6 18.Qe2 Bd7 19.f4 Be8 20.fxe5 Nxe5 21.Nxe5 fxe5 22.Rxf8+ Bxf8
23.Rf1 Be7 24.Qf2 g6 25.Bg5 Nf7 26.Nxg6+ hxg6 27.Qh4+  1-0

[Event "RUS-ch"]
[Site "Elista"]
[Date "1995.??.??"]
[Round "10"]
[White "Rublevsky, Sergei"]
[Black "Sher, Miron N"]
[Result "1-0"]
[WhiteElo "2595"]
[BlackElo "2510"]

1.e4 c5 2.Nf3 Nc6 3.Bb5 g6 4.O-O Bg7 5.Bxc6 dxc6 6.h3 Nf6 7.d3 O-O 8.a3 b6
9.Nbd2 Ne8 10.Rb1 Nc7 11.b4 Nb5 12.Bb2 cxb4 13.Bxg7 Kxg7 14.Rxb4 f6 15.Qa1 e5
16.Rd1 Qe8 17.a4 Nc7 18.d4 c5 19.dxc5 Na6 20.Rbb1 Nxc5 21.a5 Ba6 22.Qc3 Qe6
23.Qb4 Rab8 24.Nb3 Be2 25.Nxc5 bxc5 26.Qxc5 Rbc8 27.Qd5 Qxd5 28.Rxd5 Bxf3
29.Rd7+ Rf7 30.Rxf7+ Kxf7 31.Rb7+ Ke6 32.gxf3 h5 33.Rxa7 g5 34.a6 h4 35.Rh7 Rxc2
36.Kf1 Ra2 37.a7 Kd6 38.Ke1 Ke6 39.Kd1 Kd6 40.Kc1 Kc5 41.Kb1 Ra6 42.Kc2 Kb6
43.Kd3 Kc5 44.Rf7 Ra2 45.Rxf6 Ra3+ 46.Ke2  1-0

[Event "RUS-ch"]
[Site "Elista"]
[Date "1995.??.??"]
[Round "11"]
[White "Saulin, Dmitri"]
[Black "Tunik, Gennady"]
[Result "0-1"]
[WhiteElo "2345"]
[BlackElo "2515"]

1.e4 c5 2.Nf3 Nc6 3.Bb5 g6 4.Bxc6 dxc6 5.d3 Bg4 6.Be3 e5 7.Nbd2 f6 8.h3 Be6
9.Nb3 b6 10.Qd2 Qc7 11.O-O Rd8 12.Qe2 Qf7 13.Nfd2 g5 14.c3 Ne7 15.d4 c4 16.dxe5 cxb3
17.exf6 Ng6 18.axb3 h6 19.Qa6 Rh7 20.Qa4 Qc7 21.Nf3 Bc5 22.Nd4 Bxd4 23.cxd4 Qd7
24.Rfc1 c5 25.dxc5 Qxa4 26.bxa4 bxc5 27.Rxc5 Rb7 28.Rb5 Rdd7 29.Rc1 Kf7 30.Rxb7 Rxb7
31.a5 Ne5 32.Rc5 Nc4 33.Bd4 Nd2 34.Re5 a6 35.h4 Rb4 36.Bc3 Rxe4 37.Rc5 Rc4
38.Rxc4 Nxc4 39.hxg5 hxg5 40.f3 Nd6 41.Kf2 Ne8 42.g4 Nxf6 43.f4 gxf4 44.Kf3 Nxg4
45.Kxf4 Ke7 46.Ke4 Kd6 47.Bd4 Nh6 48.Bf2 Nf7 49.Kd4 Kc6 50.Kc3 Kb5 51.Bb6 Ka4
52.Bc7 Nh6 53.Bd8 Nf5 54.Bc7 Ne7 55.Kd4 Kb3 56.Kc5 Ng6 57.Bg3 Kxb2 58.Kb4 Kc2
59.Bd6 Nh4 60.Bf4 Nf5 61.Be5 Bd7 62.Bf6 Bb5 63.Be5 Ne7 64.Ka3 Nc6 65.Bc7 Bc4
66.Bb6 Bb3 67.Bc7 Be6 68.Bb6 Bf7 69.Bc7 Kc3 70.Bb6 Nb4 71.Bd4+ Kxd4 72.Kxb4 Bc4
73.Ka3 Kc3 74.Ka4 Kb2 75.Kb4 Bb3 76.Kc5 Kc3 77.Kb6 Bc4 78.Kc5 Bd3 79.Kd5 Kb4
80.Kd4 Bg6 81.Kd5 Kxa5  0-1

[Event "FIN-chT"]
[Site "FIN"]
[Date "1995.??.??"]
[Round "?"]
[White "Hokkanen, Petri"]
[Black "Salonen, Jyrki"]
[Result "1-0"]
[WhiteElo "2230"]
[BlackElo "2255"]

1.e4 c5 2.Nf3 Nc6 3.Bb5 g6 4.O-O Bg7 5.c3 Nf6 6.e5 Nd5 7.d4 cxd4 8.cxd4 O-O
9.Nc3 Nxc3 10.bxc3 d6 11.exd6 Qxd6 12.a4 Rd8 13.Re1 e6 14.Bg5 Rf8 15.Qd2 Na5
16.Qe3 b6 17.Bh6 Bb7 18.Ne5 Qe7 19.Bxg7 Kxg7 20.Ng4 h5 21.Qh6+ Kg8 22.Ne5 Rfd8
23.Re3 Qf8 24.Qf4 a6 25.Be2 Nc6 26.Bxh5 Nxe5 27.dxe5 Rac8 28.Rae1 Bd5 29.Be2 a5
30.h4 Rc5 31.c4 Bc6 32.h5 Bxa4 33.Rg3 Qg7 34.Bd3 Be8 35.Ree3 b5 36.cxb5 Rcd5
37.b6 Rd4 38.Qf3 Rb4 39.b7 Rb8 40.hxg6 fxg6 41.Be4 Rb5 42.Qd1 Rxe5 43.Qd6 Rh5
44.Bxg6 Qa1+ 45.Bb1+ Kf7 46.Qxe6+  1-0

[Event "FIN-ch"]
[Site "FIN"]
[Date "1995.??.??"]
[Round "?"]
[White "Laine, Panu"]
[Black "Hermlin, Aarne"]
[Result "1/2-1/2"]
[WhiteElo "2190"]
[BlackElo "2355"]

1.e4 c5 2.Nf3 Nc6 3.Bb5 Na5 4.c3 Nf6 5.Qe2 a6 6.Ba4 e6 7.e5 Nd5 8.d4 b6 9.Bg5 Be7
10.Bxe7 Qxe7 11.O-O Bb7 12.Nbd2 cxd4 13.cxd4 f5 14.exf6 Nxf6 15.Ng5 O-O 16.Bc2 h6
17.Ngf3 Nc6 18.a3 Qd6 19.Ne4 Nxd4 20.Nxd4 Qxd4 21.Rad1 Qe5 22.Nxf6+ Qxf6
23.Rxd7 Bc6 24.Rc7 Bd5 25.Qd3 Qe7 26.Qg3 Qg5 27.Qxg5 hxg5 28.Bd3 Rfd8 29.Bg6 Rac8
30.Rfc1 Rxc7 31.Rxc7 Be4 32.Bf7+ Kf8 33.f3 Rd1+ 34.Kf2 Bd5 35.Bg6 Rd2+ 36.Kg3 Rxb2
37.Rf7+ Ke8 38.Rxg7+ Kd8 39.Bd3 b5 40.Rxg5 Rb3 41.Bg6 Rxa3 42.h4 Ra1 43.Kh2 Ke7
44.h5 Kf6 45.h6 Kxg5 46.h7 Ra4 47.Be4 Bxe4 48.h8=Q Bd5 49.Qe5+  1/2-1/2

[Event "Finkenstein op"]
[Site "Finkenstein"]
[Date "1995.??.??"]
[Round "1"]
[White "Muellneritsch, Anton"]
[Black "Pappenkordt, H."]
[Result "1-0"]
[WhiteElo "2205"]
[BlackElo "1735"]

1.e4 c5 2.Nf3 Nc6 3.Bb5 e6 4.O-O Nge7 5.c3 a6 6.Ba4 b5 7.Bc2 g6 8.d4 cxd4
9.Nxd4 Bb7 10.Bg5 Bg7 11.a4 O-O 12.axb5 axb5 13.Rxa8 Qxa8 14.Nxb5 f6 15.Be3 Rd8
16.Bb6 Rc8 17.Qxd7 e5 18.Nd6 Ba6 19.Qe6+  1-0

[Event "Finkenstein op"]
[Site "Finkenstein"]
[Date "1995.??.??"]
[Round "7"]
[White "Kuba, Guenter"]
[Black "Kragelj, Igor"]
[Result "1/2-1/2"]
[WhiteElo "2150"]
[BlackElo "2245"]

1.e4 c5 2.Nf3 Nc6 3.Bb5 g6 4.O-O Bg7 5.c3 Nf6 6.Qe2 O-O 7.d4 cxd4 8.cxd4 d5
9.exd5 Nxd5 10.Bxc6 bxc6 11.Ne5 Qb6 12.Rd1 Bf5 13.Na3 Rac8 14.Bg5 Qb7 15.Bh4 c5
16.Bg3 Nb4 17.dxc5 Rxc5 18.Nac4 f6 19.Nf3 Bg4 20.Ncd2 Rc2 21.a3 Nc6 22.Qe4 Bf5
23.Qa4 Rxb2 24.Rac1 Rc8 25.Nc4 Rb5 26.Ne3 Bh6 27.Qc4+ Kf8 28.Bf4 Bxf4 29.Qxf4 Rd8
30.Rxd8+ Nxd8 31.Nd4 Rb1 32.Nexf5 gxf5 33.h4 Rxc1+ 34.Qxc1  1/2-1/2

[Event "Foment op"]
[Site "Foment"]
[Date "1995.??.??"]
[Round "7"]
[White "De la Riva Aguado, Oscar"]
[Black "Garcia, Raul"]
[Result "1-0"]
[WhiteElo "2430"]
[BlackElo "2295"]

1.e4 c5 2.Nf3 Nc6 3.Bb5 g6 4.O-O Bg7 5.c3 Nf6 6.Re1 O-O 7.h3 e5 8.d4 cxd4
9.cxd4 d5 10.Bxc6 bxc6 11.Bg5 dxe4 12.Nxe5 Qb6 13.Nc3 Qxb2 14.Na4 Qb7 15.Nc5 Qc7
16.Bf4 Nd5 17.Bg3 Bxe5 18.Bxe5 Qd8 19.Nxe4 f6 20.Bd6 Rf7 21.Bc5 Bd7 22.Qb3 Kh8
23.Rab1 Rg7 24.Nd6 Qc7 25.Qa3 Rb8 26.Bxa7 Rxb1 27.Rxb1 Ne7 28.Rb7 Qd8 29.Bb6  1-0

[Event "Freudenstadt-ch U20"]
[Site "Freudenstadt"]
[Date "1995.??.??"]
[Round "1"]
[White "Schmenger, Felix"]
[Black "Melzer, Christian"]
[Result "1/2-1/2"]
[WhiteElo "2270"]
[BlackElo "2135"]

1.e4 c5 2.Nf3 Nc6 3.Bb5 g6 4.Bxc6 dxc6 5.h3 Bg7 6.d3 Nf6 7.Nc3 O-O 8.Be3 b6
9.Qd2 Nd7 10.Bh6 e5 11.h4 f6 12.O-O-O Rf7 13.Nh2 Bxh6 14.Qxh6 Qf8 15.Qd2 h6
16.Ng4 Kh7 17.g3 f5 18.exf5 gxf5 19.Nh2 b5 20.f4 Ba6 21.Nf3 b4 22.Ne2 e4
23.dxe4 fxe4 24.Nh2 Nb6 25.b3 Nd5 26.c4 bxc3 27.Nxc3 Qg7 28.Kb2 c4 29.Qd4 Nxc3
30.Qxc3 Rb8 31.Rc1 Rfb7 32.Qxg7+ Kxg7 33.Rc3 cxb3 34.axb3 c5 35.Ra1 Bd3 36.Ng4 c4
37.Ra3 Rxb3+ 38.Rcxb3 Rxb3+ 39.Rxb3 cxb3 40.Kxb3 Be2 41.Ne3 Kf6 42.Kc3 h5
43.Kd4 Bd3 44.Nd1 Kf5 45.Ne3+ Kf6 46.Nd5+ Kf5 47.Ke3  1/2-1/2

[Event "Frydek-Mistek op"]
[Site "Frydek-Mistek"]
[Date "1995.??.??"]
[Round "?"]
[White "Novosak, Jiri"]
[Black "Petrienko, Vladimir"]
[Result "0-1"]
[WhiteElo "2160"]
[BlackElo "2465"]

1.e4 c5 2.Nf3 Nc6 3.Bb5 e6 4.O-O Nge7 5.b3 a6 6.Bxc6 Nxc6 7.Bb2 b5 8.a4 b4
9.d3 d5 10.Nbd2 Bb7 11.Qe2 d4 12.Nc4 Be7 13.Nfd2 e5 14.Qg4 O-O 15.Nf3 Bc8
16.Qg3 f6 17.Bc1 Be6 18.Nh4 Kh8 19.Bd2 g6 20.Rae1 Rc8 21.f4 exf4 22.Nxg6+ hxg6
23.Qxg6 Rf7 24.Rxf4 Qg8 25.Qh5+ Rh7 26.Qf3 Bxc4 27.bxc4 Ne5 28.Qf1 Qg6 29.Re2 Rg8
30.g3 b3 31.Be1 Rb8 32.cxb3 Nxd3 33.Rf3 Ne5 34.Rf5 Rxb3 35.Ref2 Ng4 36.e5 Nxf2  0-1

[Event "Frydek-Mistek op"]
[Site "Frydek-Mistek"]
[Date "1995.??.??"]
[Round "?"]
[White "Svobodova, Michaela"]
[Black "Ivanov"]
[Result "0-1"]
[WhiteElo "2120"]
[BlackElo "2465"]

1.e4 c5 2.Nf3 Nc6 3.Bb5 e6 4.Bxc6 bxc6 5.d3 Ne7 6.O-O Ng6 7.c4 e5 8.Nc3 Be7
9.Be3 O-O 10.b3 d6 11.Qe2 f5 12.exf5 Bxf5 13.Ne1 Qd7 14.f3 Nf4 15.Bxf4 exf4
16.Nc2 Bf6 17.Qd2 d5 18.cxd5 cxd5 19.Rac1 Rad8 20.Na3 Bd4+ 21.Kh1 Be3 22.Qc2 Bxc1
23.Rxc1 Qe7 24.Nab1 c4 25.bxc4 dxc4 26.Ne4 cxd3 27.Qb3+ Qf7 28.Nbd2 Qxb3
29.axb3 Bxe4 30.fxe4 Rc8 31.Rd1 Rc3 32.Kg1 Rfc8 33.Kf2 Rc1 34.Rxc1 Rxc1 35.g3 Rc2
36.Ke1 fxg3 37.hxg3 h5  0-1

[Event "Frydek-Mistek op-B"]
[Site "Frydek-Mistek"]
[Date "1995.??.??"]
[Round "?"]
[White "Seifert"]
[Black "Cech, Pavel"]
[Result "1-0"]
[WhiteElo "2255"]
[BlackElo "2180"]

1.e4 c5 2.Nf3 Nc6 3.Bb5 e6 4.O-O Nge7 5.Re1 a6 6.Bf1 d5 7.e5 Nf5 8.c3 Be7
9.Bd3 O-O 10.Bxf5 exf5 11.d4 b6 12.Nbd2 Be6 13.Nf1 Re8 14.Ng3 Na5 15.Qd3 g6
16.Bh6 c4 17.Qe3 b5 18.Ng5 Kh8 19.Qf4 Nc6 20.Qh4 Rg8 21.Ne2 Qd7 22.Nf4 Nd8
23.Re3  1-0

[Event "Frydek-Mistek op-B"]
[Site "Frydek-Mistek"]
[Date "1995.??.??"]
[Round "?"]
[White "Seifert"]
[Black "Hlavac"]
[Result "1-0"]
[WhiteElo "2255"]
[BlackElo "2140"]

1.e4 c5 2.Nf3 Nc6 3.Bb5 g6 4.O-O Bg7 5.c3 Nf6 6.Re1 O-O 7.d4 cxd4 8.cxd4 d5
9.e5 Ne4 10.Bxc6 bxc6 11.Nbd2 c5 12.dxc5 Nxc5 13.Nb3 Nxb3 14.Qxb3 Bg4 15.Nd4 Qd7
16.h3 Rab8 17.Qa3 Be6 18.Bg5 Rb7 19.Rac1 h6 20.Bh4 g5 21.Bg3 Bf5 22.h4 Be4
23.hxg5 hxg5 24.b4 Rc8 25.b5 e6 26.Rc6 Rbc7 27.Rec1 Rxc6 28.bxc6 Qc7 29.Qa6 Qb8
30.Rc3 Qb1+ 31.Kh2 Rc7 32.f3 Qd1 33.Nb3 Bc2 34.Qb5 Bxb3 35.Qb8+ Bf8 36.Qxc7 Bxa2
37.Qa5 Bc4 38.c7 Qb1 39.Rxc4  1-0

[Event "Peer Gynt"]
[Site "Gausdal"]
[Date "1995.??.??"]
[Round "4"]
[White "Sutovskij, Emil"]
[Black "Dannevig, Oystein"]
[Result "1-0"]
[WhiteElo "2530"]
[BlackElo "2335"]

1.e4 c5 2.Nf3 Nc6 3.Bb5 g6 4.Bxc6 dxc6 5.d3 Bg7 6.h3 e5 7.Be3 Qe7 8.Qd2 Nf6
9.Bh6 O-O 10.Nc3 Nh5 11.O-O-O Rd8 12.Ne2 Bh8 13.g4 Ng7 14.Qe3 Ne6 15.c3 b5
16.Ng3 a5 17.Nf5 Qb7 18.h4 a4 19.h5 a3 20.b3 c4 21.dxc4 Rxd1+ 22.Rxd1 gxf5
23.Qg5+  1-0

[Event "Peer Gynt"]
[Site "Gausdal"]
[Date "1995.??.??"]
[Round "7"]
[White "Jansa, Vlastimil"]
[Black "Sutovskij, Emil"]
[Result "0-1"]
[WhiteElo "2525"]
[BlackElo "2530"]

1.e4 c5 2.Nf3 Nc6 3.Bb5 g6 4.Bxc6 dxc6 5.d3 Bg7 6.h3 e5 7.Be3 Qe7 8.Nc3 Nf6
9.Qd2 h6 10.O-O-O b6 11.Nh2 g5 12.Nf1 Nh5 13.g3 Be6 14.Qe2 Nf6 15.f4 gxf4
16.gxf4 exf4 17.Bxf4 Nd7 18.Qh2 Bxc3 19.bxc3 c4 20.Bd6 Qg5+ 21.Qf4 cxd3 22.Qxg5 hxg5
23.cxd3 Rxh3 24.Rxh3 Bxh3 25.Ne3 O-O-O 26.d4 Re8 27.e5 f6 28.Rh1 g4 29.Nf5 fxe5
30.Bxe5 Rf8 31.Nd6+ Kb8 32.Bh2 Rf3 33.Ne4+ Kb7 34.Kd2 Ka6 35.Re1 Rf5 36.c4 Bg2
37.Nd6 Rf2+ 38.Re2 Rxe2+ 39.Kxe2 Ka5 40.Nc8 Kb4 41.Nxa7 Kxc4 42.Ke3 Nf6 43.Be5 Nd7
44.Bc7 b5 45.Nc8 Kc3 46.a3 Nf6 47.Ne7 Kb3 48.Bd6 Ne4 49.Bb4 Nc3 50.Kf4 Bf3
51.Bc5 Nb1 52.Ke5 Nxa3 53.d5 cxd5 54.Nxd5 Nc4+ 55.Kd4 g3 56.Nf4 g2 57.Kd3 Ne5+
58.Kd2 Kc4 59.Be3 b4 60.Nh3 b3 61.Ng1 Be4 62.Ne2 b2  0-1

[Event "Arnold Cup"]
[Site "Gausdal"]
[Date "1995.??.??"]
[Round "8"]
[White "Hennigan, Michael"]
[Black "Cherniaev, Alexander"]
[Result "1/2-1/2"]
[WhiteElo "2410"]
[BlackElo "2450"]

1.e4 c5 2.Nf3 Nc6 3.Bb5 e6 4.Bxc6 bxc6 5.d3 Ne7 6.O-O Ng6 7.Ng5 e5 8.Qh5 Qf6
9.Nc3 d6 10.Nxh7 Qd8 11.g3 Be7 12.f4 exf4 13.gxf4 Kd7 14.Qf5+ Ke8 15.Qh5 Kd7
16.Qf5+ Ke8  1/2-1/2

[Event "Geneve op"]
[Site "Geneve"]
[Date "1995.??.??"]
[Round "5"]
[White "Delanoy, Arnaud"]
[Black "Ekstroem, Roland"]
[Result "1/2-1/2"]
[WhiteElo "2155"]
[BlackElo "2430"]

1.e4 c5 2.Nf3 Nc6 3.Bb5 e6 4.O-O Nge7 5.Re1 a6 6.Bxc6 Nxc6 7.d4 cxd4 8.Nxd4 d6
9.Nc3 Be7 10.Nxc6 bxc6 11.Qg4 Kf8 12.Be3 h5 13.Qe2 Rb8 14.b3 h4 15.h3 Qc7
16.Na4 c5 17.c4 Bb7 18.Bf4 Qc6 19.f3 f6 20.Rad1 Rd8 21.Rd3 Kf7 22.Red1 Bc8
23.Qd2 e5 24.Be3 Be6 25.Nc3 g5 26.Nd5 Bxd5 27.Rxd5 Rb8 28.Qe1 Rb7 29.Bd2 Qc8
30.Ba5 Qe6 31.Qe2 Kg6 32.R5d2 Ra8 33.Qd3 Kf7 34.Kf2 Rab8 35.Ke2 Ra8 36.Kf2 Rab8
37.Ke2 Ra8 38.Kf2 Rab8  1/2-1/2

[Event "GER-ch U20 qual1"]
[Site "?"]
[Date "1995.??.??"]
[Round "2"]
[White "Kuehn, Peter"]
[Black "Enzmann, Steffen"]
[Result "1-0"]
[WhiteElo "2240"]
[BlackElo "2160"]

1.e4 c5 2.Nf3 Nc6 3.Bb5 g6 4.O-O Bg7 5.c3 Nf6 6.d4 cxd4 7.cxd4 Nxe4 8.d5 Qa5
9.a4 Nb4 10.Qe1 f5 11.Ng5 a6 12.Nxe4 axb5 13.Nd6+ Kf8 14.Bd2 Nc2 15.Qc1 Qb6
16.Qxc2 Qxd6 17.Nc3 bxa4 18.Rxa4 Rxa4 19.Qxa4 b5 20.Qa8 Kf7 21.Re1 Qb6 22.Qa2 e6
23.Qb3 Qd4 24.Rd1 Qc4 25.dxe6+ dxe6 26.Qa3 Rd8 27.Qa7+ Rd7 28.Qe3 b4 29.Nb1 Qc2
30.Re1 Qe4 31.Qxe4 fxe4 32.Rxe4 Bxb2 33.Rxb4 Bc1 34.Rc4 Bxd2 35.Rxc8 Bg5
36.Nc3 Ra7 37.g3 Ra1+ 38.Kg2 Ra7 39.Ne4 Be7 40.Rh8 Kg7 41.Rc8 Rd7 42.Kf3 Kf7
43.Ra8 Rb7 44.h4 h6 45.Kf4 Rd7 46.Kg4 h5+ 47.Kf4 Rb7 48.Ra6 Rb5 49.Ra7 Kf8
50.Kf3 Rb3+ 51.Kg2 Rb2 52.Rc7 Rb5 53.Kf3 Rb3+ 54.Kf4 Rb5 55.Ke3 Rd5 56.Ke2 Rb5
57.Nd2 Re5+ 58.Kf3 Rf5+ 59.Kg2 Rd5 60.Nf3 Ke8 61.Ng1 Kf8 62.Ne2 e5 63.Kf3 Kf7
64.Ke4 Rd2 65.Nc3 Ke6 66.Rc6+ Rd6 67.Rc8 Rd8 68.Rc7 Rd4+ 69.Ke3 Rd7 70.Rc4 Rd8
71.Ne4 Kf5 72.Rc7 Ke6 73.Rc6+ Kf5 74.f3 Ra8 75.g4+ hxg4 76.Ng3+  1-0

[Event "Oberliga Nord W9596"]
[Site "Germany"]
[Date "1995.??.??"]
[Round "?"]
[White "Boehnisch, Manfred"]
[Black "Gottschlich, Carsten"]
[Result "1-0"]
[WhiteElo "2315"]
[BlackElo "2170"]

1.e4 c5 2.Nf3 Nc6 3.Bb5 g6 4.O-O Bg7 5.c3 Nf6 6.e5 Nd5 7.d4 cxd4 8.cxd4 O-O
9.Nc3 Nxc3 10.bxc3 d6 11.exd6 Qxd6 12.a4 Rd8 13.Ba3 Qc7 14.Bxc6 bxc6 15.Qe2 Bf6
16.Ne5 Bxe5 17.dxe5 Rd5 18.Rfe1 Bf5 19.Qe3 Rad8 20.Bc5 R8d7 21.c4 Rd3 22.Qg5 Rc3
23.Rad1 Rxc4 24.Rxd7 Qxd7 25.Bxe7 Rg4 26.Qf6 Qd5 27.g3 Qd2 28.Rf1 Qd7 29.Bd6 Qe8
30.e6 fxe6 31.Be5 Qf8 32.Qh8+ Kf7  1-0

[Event "Oberliga Nord O9596"]
[Site "Germany"]
[Date "1995.??.??"]
[Round "?"]
[White "Fleischer, Peter"]
[Black "Von Herman, Ulf"]
[Result "1-0"]
[WhiteElo "2285"]
[BlackElo "2380"]

1.e4 c5 2.Nf3 Nc6 3.Bb5 Na5 4.b3 a6 5.Be2 b5 6.O-O Bb7 7.e5 g6 8.d4 cxd4
9.Nxd4 Bg7 10.f4 Nh6 11.Kh1 Nc6 12.Nxc6 Bxc6 13.c4 O-O 14.Nc3 d6 15.cxb5 axb5
16.Bxb5 Bb7 17.a4 Nf5 18.Re1 Qc7 19.Nd5 Qb8 20.Ne3 Nxe3 21.Rxe3 dxe5 22.Ra2 exf4
23.Rxe7 Ra7 24.Rd7 h5 25.Ba3 f3 26.gxf3 Qf4 27.Rf2 Rc8 28.Kg1 Qg5+ 29.Kf1 Qf5
30.Bc4 Rxc4 31.bxc4 Bh6 32.Bb2 Bf8 33.Qd4  1-0

[Event "Oberliga Nord O9596"]
[Site "Germany"]
[Date "1995.??.??"]
[Round "?"]
[White "Fette, Martin"]
[Black "Baumbach, Friedrich"]
[Result "1/2-1/2"]
[WhiteElo "2340"]
[BlackElo "2320"]

1.e4 c5 2.Nf3 Nc6 3.Bb5 g6 4.c3 Nf6 5.e5 Nd5 6.O-O Bg7 7.d4 cxd4 8.cxd4 O-O
9.Nc3 Nxc3 10.bxc3 d6 11.exd6 Qxd6 12.a4 Qc7 13.Re1 Bg4 14.Ba3 Bf6 15.h3 Be6
16.Nd2 a6 17.Bd3 Rfe8 18.Ne4 Bg7 19.Ng5 Nd8 20.Ne4 Nc6 21.h4 Na5 22.h5 Bf5
23.hxg6 hxg6 24.Ng5 Bf6 25.Bxf5 Bxg5 26.Qg4 Qf4 27.Qxf4 Bxf4 28.Bd7 Red8
29.Rxe7 Bg5 30.Re5 Bd2 31.Rxa5 Bxc3 32.Rd5 Bxa1 33.Be7 Kg7 34.Bxd8 Rxd8 35.Be6 Re8
36.Bg4 Re1+ 37.Kh2 Re4 38.Bf3 Rxd4 39.Rxd4  1/2-1/2